<?xml version="1.0" encoding="UTF-8"?><?xml-stylesheet type="text/xsl" href="static/style.xsl"?><OAI-PMH xmlns="http://www.openarchives.org/OAI/2.0/" xmlns:xsi="http://www.w3.org/2001/XMLSchema-instance" xsi:schemaLocation="http://www.openarchives.org/OAI/2.0/ http://www.openarchives.org/OAI/2.0/OAI-PMH.xsd"><responseDate>2026-04-27T03:43:06Z</responseDate><request verb="GetRecord" identifier="oai:repisalud.isciii.es:20.500.12105/11947" metadataPrefix="marc">https://repisalud.isciii.es/rest/oai/request</request><GetRecord><record><header><identifier>oai:repisalud.isciii.es:20.500.12105/11947</identifier><datestamp>2025-06-25T11:57:59Z</datestamp><setSpec>com_20.500.12105_8140</setSpec><setSpec>com_20.500.12105_5570</setSpec><setSpec>com_20.500.12105_2404</setSpec><setSpec>com_20.500.12105_2403</setSpec><setSpec>col_20.500.12105_8166</setSpec></header><metadata><record xmlns="http://www.loc.gov/MARC21/slim" xmlns:dcterms="http://purl.org/dc/terms/" xmlns:doc="http://www.lyncode.com/xoai" xmlns:xsi="http://www.w3.org/2001/XMLSchema-instance" xsi:schemaLocation="http://www.loc.gov/MARC21/slim http://www.loc.gov/standards/marcxml/schema/MARC21slim.xsd">
   <leader>00925njm 22002777a 4500</leader>
   <datafield ind2=" " ind1=" " tag="042">
      <subfield code="a">dc</subfield>
   </datafield>
   <datafield ind2=" " ind1=" " tag="720">
      <subfield code="a">Veiga de Cabo, Jorge</subfield>
      <subfield code="e">author</subfield>
   </datafield>
   <datafield ind2=" " ind1=" " tag="720">
      <subfield code="a">Maqueda-Blasco, Jeronimo</subfield>
      <subfield code="e">author</subfield>
   </datafield>
   <datafield ind2=" " ind1=" " tag="720">
      <subfield code="a">Andrus, Jon</subfield>
      <subfield code="e">author</subfield>
   </datafield>
   <datafield ind2=" " ind1=" " tag="720">
      <subfield code="a">Gross, Socorro</subfield>
      <subfield code="e">author</subfield>
   </datafield>
   <datafield ind2=" " ind1=" " tag="720">
      <subfield code="a">Cassanha Galvao, Luis A.</subfield>
      <subfield code="e">author</subfield>
   </datafield>
   <datafield ind2=" " ind1=" " tag="720">
      <subfield code="a">Florencio Corvalan, Carlos</subfield>
      <subfield code="e">author</subfield>
   </datafield>
   <datafield ind2=" " ind1=" " tag="720">
      <subfield code="a">Fortune, Ann-Kira</subfield>
      <subfield code="e">author</subfield>
   </datafield>
   <datafield ind2=" " ind1=" " tag="720">
      <subfield code="a">Pagés, Antonio</subfield>
      <subfield code="e">author</subfield>
   </datafield>
   <datafield ind2=" " ind1=" " tag="720">
      <subfield code="a">Marti, Myrna Carolina</subfield>
      <subfield code="e">author</subfield>
   </datafield>
   <datafield ind2=" " ind1=" " tag="720">
      <subfield code="a">Escoto, Luis Roberto</subfield>
      <subfield code="e">author</subfield>
   </datafield>
   <datafield ind2=" " ind1=" " tag="720">
      <subfield code="a">Tardelli, Adalberto</subfield>
      <subfield code="e">author</subfield>
   </datafield>
   <datafield ind2=" " ind1=" " tag="720">
      <subfield code="a">D'Agostino, Marcelo</subfield>
      <subfield code="e">author</subfield>
   </datafield>
   <datafield ind2=" " ind1=" " tag="260">
      <subfield code="c">2010-12</subfield>
   </datafield>
   <datafield ind2=" " ind1=" " tag="520">
      <subfield code="a">Según la Organización Internacional del Trabajo (OIT) y citando literalmente un párrafo de la presentación de su página Web “Cada año mueren más de 2 millones de personas a causa de accidentes o enfermedades relacionadas con el trabajo. De acuerdo con estimaciones moderadas, se producen 270 millones de accidentes en el trabajo y 160 millones de casos de enfermedades profesionales. La seguridad en el trabajo difiere enormemente de país en país, entre sectores económicos y grupos sociales. Los países en desarrollo pagan un precio especialmente alto en muertes y lesiones, pues un gran número de personas están empleadas en actividades peligrosas como agricultura, construcción, industria maderera, pesca y minería. En todo el mundo, los pobres y los menos protegidos –con frecuencia mujeres, niños y migrantes– son los más afectados. La OIT pone especial atención en desarrollar y aplicar una cultura de seguridad y salud preventiva en el lugar de trabajo”.1 La Organización Mundial de la Salud (OMS) asegura que dos tercios de los trabajadores del mundo están sujetos a condiciones poco seguras y no saludables y según datos de la Organización Panamericana de la Salud, Oficina Regional para las Américas de la Organización Mundial de la Salud (OPS/OMS), del 40 al 60% de la fuerza laboral en América Latina está expuesta a peligros y graves amenazas para su salud. Aproximadamente un 11% de la carga mundial de accidentes fatales relacionados con el trabajo se producen en los países de América Latina, ya que se estima que aproximadamente 69 millones de trabajadores en América Latina y el Caribe viven por debajo de la línea de la pobreza, que sólo del 10 al 15% de trabajadores tiene acceso a servicios básicos de salud ocupacional y que unos 5,7 millones de niños se encuentran trabajando, principalmente en agricultura, minería, tiraderos de basura, trabajo doméstico, producción de fuegos artificiales y pesca.2-4</subfield>
   </datafield>
   <datafield ind1="8" ind2=" " tag="024">
      <subfield code="a">Med Segur Trab 2010; Vol.56 Nº 221;266-270</subfield>
   </datafield>
   <datafield ind1="8" ind2=" " tag="024">
      <subfield code="a">0465-546X</subfield>
   </datafield>
   <datafield ind1="8" ind2=" " tag="024">
      <subfield code="a">http://hdl.handle.net/20.500.12105/11947</subfield>
   </datafield>
   <datafield ind1="8" ind2=" " tag="024">
      <subfield code="a">10.4321/S0465-546X2010000400001</subfield>
   </datafield>
   <datafield ind1="8" ind2=" " tag="024">
      <subfield code="a">1989-7790</subfield>
   </datafield>
   <datafield ind1="8" ind2=" " tag="024">
      <subfield code="a">Medicina y Seguridad del Trabajo</subfield>
   </datafield>
   <datafield tag="653" ind2=" " ind1=" ">
      <subfield code="a">Organización Panamericana de la Salud</subfield>
   </datafield>
   <datafield ind2="0" ind1="0" tag="245">
      <subfield code="a">Marco de cooperación entre la Organización Panamericana de la Salud (OPS), Oficina Regional para las Américas de la Organización Mundial de la Salud (OMS) y la Escuela Nacional de Medicina del Trabajo del Instituto de Salud Carlos III en materia de Salud y Seguridad en el Trabajo</subfield>
   </datafield>
</record></metadata></record></GetRecord></OAI-PMH>